000 01144cam a2200301 a 4500
999 _c18612
_d18612
001 1086377
005 20170113112503.0
008 920304s1992 nyua 001 0 eng
010 _a 92005555
020 _a0866361782
040 _aDLC
_cDLC
_dDLC
043 _an-us---
050 0 0 _aNK3630.3
_b.S54S5 1992
100 _aGraphic design:USA
245 0 0 _aSign design :
_benvironmental graphics /
_cGraphic Design: USA.
260 _aNew York :
_bPBC Graphic Details :
_bDistributor Rizzoli International Publications,
_cc1992.
300 _a186 p. :
_bcol. ill. ;
_c29 cm.
500 _aSpine title: Environmental graphics.
500 _aIncludes indexes.
650 0 _aSigns and signboards
_zUnited States
_xLettering.
650 0 _aGraphic arts
_zUnited States.
710 2 _aGraphic Design: USA (Firm)
740 0 _aEnvironmental graphics.
942 _2lcc
_cBOOKS
_hNK3630.3 .S54S5 1992